| 000 | 00827nam a2200277 4500 | ||
|---|---|---|---|
| 003 | DO-SdBNP | ||
| 005 | 20220314125556.0 | ||
| 008 | 170112b2 ck||||| |||| 00| 0 spa d | ||
| 020 | _a9789586774192 | ||
| 040 |
_aBPMSU _bspa _cBPMSU |
||
| 082 |
_a574 _bM965e _222 |
||
| 100 | _a | ||
| 245 |
_aEl mundo de la ecología / _credacción de textos y epígrafes Jaime Banchs ... [et al.] ; edición gráfica e ilustración Victoria Grasa. |
||
| 260 |
_aBogotá : _bZamora Editores , _c2011 |
||
| 300 |
_a376 p. : _bil. : _c28 cm |
||
| 650 | 4 | _aEcología. | |
| 650 | 4 | _aEcosistemas. | |
| 650 | 4 | _aEcosistemas acuáticos. | |
| 650 | 4 | _aContaminación. | |
| 700 | 1 | _aBanchs, Jaime. | |
| 700 | 1 |
_aGrasa, Victoria _eils. |
|
| 710 | 2 | _aOcéano Grupo Editorial | |
| 910 | _aVMateo | ||
| 942 |
_2ddc _cBK |
||
| 956 | _adgarcia | ||
| 999 |
_c14073 _d14073 |
||